Loading...
American model arabikkadalil: Sir C P yute parajayapetta bharanaparishkara nirdesam
| Main Author: | |
|---|---|
| Format: | Printed Book |
| Published: |
D C Books, Kottayam
|
| Subjects: |
| LEADER | 00542nam a2200157 4500 | ||
|---|---|---|---|
| 082 | |a 954.83 SRE/A | ||
| 100 | |a Sreedhara Menon, A | ||
| 245 | |a American model arabikkadalil: Sir C P yute parajayapetta bharanaparishkara nirdesam |c Sreedhara Menon, A | ||
| 250 | |||
| 260 | |a D C Books, Kottayam | ||
| 300 | |a 82 P | ||
| 490 | |||
| 650 | |a Kerala history--Travancore history--Malayalam books | ||
| 942 | |c BK | ||
| 999 | |c 188956 |d 188956 | ||
| 952 | |0 0 |1 0 |4 0 |6 954_830000000000000_SRE_A |7 0 |9 202305 |a ISL |b ISL |l 0 |o 954.83 SRE/A |p ISL03348 |r 2019-10-28 |w 2019-10-28 |y BK | ||